| 000 | 00627nam a2200193 u 4500 | ||
|---|---|---|---|
| 001 | 000020470 | ||
| 005 | 20200930011121.0 | ||
| 008 | 100809s2016 dr r 000 0 spa d | ||
| 020 | _a9789945899436 | ||
| 040 |
_aDO-SdBNP _bspa _cBNPHU |
||
| 082 |
_axxxx _bxxxx |
||
| 100 | 1 |
_aGuerrero, Italia, _d1957- _943148 |
|
| 245 | 1 | 0 |
_aVoces en el desierto / _cItalia Guerrero. |
| 246 | 1 | 2 |
_aVoces en el desierto : _bprimeras voces 1991-1995 |
| 260 |
_aSanto Domingo : _bGente, _c2016. |
||
| 300 |
_a324 p. ; _c23 cm. |
||
| 590 | _aInventariado, 2018/ YL | ||
| 500 | _aIncluye datos biografícos de la autora en la solapa de la cubierta. | ||
| 999 |
_c19974 _d19974 |
||